000 01086cam a22003257a 4500
003 OSt
005 20240530110425.0
008 120924s2012 ua afp f b 001 0 eng d
010 _a 2012372041
020 _a9789774165320
020 _a9774165322
040 _aEG-CaGPL
_cEG-CaGPL
041 1 _aeng
_hdut
082 0 4 _221
_a932
_bCC/R E
100 1 _aRaven, Maarten J.
240 1 0 _aEgyptische magie.
_lEnglish
245 1 0 _aEgyptian magic :
_bthe quest for Thoth's Book of Secrets /
_cMaarten J. Raven.
260 _aCairo ;
_aNew York :
_bAmerican University in Cairo Press,
_cc2012.
300 _a208 p. :
_bill. ;
_c23 cm.
500 _a"First published in Dutch in 2012 as Egyptische magie"--T.p. verso.
504 _aIncludes bibliographical references (p. 204-205) and index.
650 0 _aMagic, Egyptian.
650 0 _aThoth (Egyptian deity)
650 0 _aGods, Egyptian.
651 0 _aEgypt
_xReligion.
651 0 _aEgypt
_xAntiquities.
942 _2ddc
_cBK
999 _c60726
_d60726